<?xml version="1.0" encoding="UTF-8"?>
<record
    xmlns:xsi="http://www.w3.org/2001/XMLSchema-instance"
    xsi:schemaLocation="http://www.loc.gov/MARC21/slim http://www.loc.gov/standards/marcxml/schema/MARC21slim.xsd"
    xmlns="http://www.loc.gov/MARC21/slim">

  <leader>02304cam a2200433Ia 4500</leader>
  <controlfield tag="001">7083810</controlfield>
  <controlfield tag="005">20220326193310.0</controlfield>
  <controlfield tag="008">071211s2007    dr a     bc   000 0dspa d</controlfield>
  <datafield tag="020" ind1=" " ind2=" ">
    <subfield code="a">9789945859645</subfield>
  </datafield>
  <datafield tag="020" ind1=" " ind2=" ">
    <subfield code="a">9945859641</subfield>
  </datafield>
  <datafield tag="035" ind1=" " ind2=" ">
    <subfield code="a">(OCoLC)ocn183338303</subfield>
  </datafield>
  <datafield tag="035" ind1=" " ind2=" ">
    <subfield code="a">(OCoLC)183338303</subfield>
  </datafield>
  <datafield tag="035" ind1=" " ind2=" ">
    <subfield code="a">(NNC)7083810</subfield>
  </datafield>
  <datafield tag="040" ind1=" " ind2=" ">
    <subfield code="a">CAM</subfield>
    <subfield code="c">CAM</subfield>
    <subfield code="d">CAM</subfield>
  </datafield>
  <datafield tag="041" ind1="0" ind2=" ">
    <subfield code="a">spa</subfield>
    <subfield code="a">eng</subfield>
  </datafield>
  <datafield tag="043" ind1=" " ind2=" ">
    <subfield code="a">s-ve---</subfield>
  </datafield>
  <datafield tag="082" ind1=" " ind2=" ">
    <subfield code="a">709.87</subfield>
    <subfield code="b">D278o</subfield>
  </datafield>
  <datafield tag="090" ind1=" " ind2=" ">
    <subfield code="a">N5230.V42</subfield>
    <subfield code="b">D47 2007</subfield>
  </datafield>
  <datafield tag="100" ind1=" " ind2=" ">
    <subfield code="a">Jorge F. Rivas </subfield>
    <subfield code="9">2040</subfield>
  </datafield>
  <datafield tag="110" ind1=" " ind2=" ">
    <subfield code="a">Colecci&#xF3;n Patricia Phelps de Cisneros.</subfield>
    <subfield code="9">2041</subfield>
  </datafield>
  <datafield tag="245" ind1="0" ind2="0">
    <subfield code="a">De oficio pintor :</subfield>
    <subfield code="b">arte colonial venezolano : colecci&#xF3;n Patricia Phelps de Cisneros.</subfield>
    <subfield code="c">Jorge F. Rivas </subfield>
  </datafield>
  <datafield tag="246" ind1="1" ind2="5">
    <subfield code="a">Painter by trade :</subfield>
    <subfield code="b">Venezuelan colonial art</subfield>
  </datafield>
  <datafield tag="260" ind1=" " ind2=" ">
    <subfield code="a">Santiago de los Caballeros, Rep&#xFA;blica Dominicana :</subfield>
    <subfield code="b">Centro L&#xE9;on ;</subfield>
    <subfield code="a">Caracas :</subfield>
    <subfield code="b">Fundaci&#xF3;n Cisneros,</subfield>
    <subfield code="c">c2007.</subfield>
  </datafield>
  <datafield tag="300" ind1=" " ind2=" ">
    <subfield code="a">124 p. :</subfield>
    <subfield code="b">col. ill. ;</subfield>
    <subfield code="c">29 cm.</subfield>
  </datafield>
  <datafield tag="500" ind1=" " ind2=" ">
    <subfield code="a">Catalog of an exhibition of the same name held June 21-Sept. 16, 2007 at Centro L&#xE9;on, Santiago de los Caballeros, Domican Republic.</subfield>
  </datafield>
  <datafield tag="504" ind1=" " ind2=" ">
    <subfield code="a">Includes bibliographical references (p. 104-107).</subfield>
  </datafield>
  <datafield tag="505" ind1=" " ind2=" ">
    <subfield code="t">Introducccion </subfield>
    <subfield code="r">Jorge F. Rivas </subfield>
    <subfield code="t">Breves comentarios sobre el oficio de pintor en Venezuela 1600-1822</subfield>
    <subfield code="r">Jorge F. Rivas </subfield>
    <subfield code="t">Pintura religiosa en Santo Domingo durante la colonia. Dos Colecciones del siglo XVIII</subfield>
    <subfield code="r">Maria Ugalde </subfield>
    <subfield code="t">I - Los primetos Maestros </subfield>
    <subfield code="t">II - Los talleres </subfield>
    <subfield code="t">III- Mas alla del lienzo </subfield>
    <subfield code="t">VI- La iglesia, cofradias y conventos  </subfield>
    <subfield code="t">V-La devocion privada </subfield>
    <subfield code="t">VI- Intercambios </subfield>
    <subfield code="t">VII- La escuela de Caracas </subfield>
    <subfield code="t">Catalogo de obras </subfield>
    <subfield code="t">Notas bibliogr&#xE1;ficas  de los artistas </subfield>
    <subfield code="r">Maria Esther Pino </subfield>
    <subfield code="t">Bibliografia </subfield>
    <subfield code="t">Exhibiciones </subfield>
  </datafield>
  <datafield tag="546" ind1=" " ind2=" ">
    <subfield code="a">Spanish and English.</subfield>
  </datafield>
  <datafield tag="600" ind1="1" ind2="0">
    <subfield code="a">Phelps de Cisneros, Patricia</subfield>
    <subfield code="x">Art collections</subfield>
    <subfield code="v">Exhibitions.</subfield>
    <subfield code="9">2042</subfield>
  </datafield>
  <datafield tag="610" ind1="2" ind2="0">
    <subfield code="a">Colecci&#xF3;n Patricia Phelps de Cisneros</subfield>
    <subfield code="v">Exhibitions.</subfield>
    <subfield code="9">2043</subfield>
  </datafield>
  <datafield tag="650" ind1=" " ind2="0">
    <subfield code="a">Art, Spanish colonial</subfield>
    <subfield code="z">Venezuela</subfield>
    <subfield code="v">Exhibitions.</subfield>
    <subfield code="9">2044</subfield>
  </datafield>
  <datafield tag="650" ind1=" " ind2="0">
    <subfield code="a">Art, Venezuelan</subfield>
    <subfield code="v">Exhibitions.</subfield>
    <subfield code="9">2045</subfield>
  </datafield>
  <datafield tag="650" ind1=" " ind2="0">
    <subfield code="a">Art</subfield>
    <subfield code="x">Private collections</subfield>
    <subfield code="z">Venezuela</subfield>
    <subfield code="v">Exhibitions.</subfield>
    <subfield code="9">2046</subfield>
  </datafield>
  <datafield tag="650" ind1=" " ind2="0">
    <subfield code="a">Art</subfield>
    <subfield code="x">Collectors and collecting</subfield>
    <subfield code="z">Venezuela</subfield>
    <subfield code="v">Exhibitions.</subfield>
    <subfield code="9">2047</subfield>
  </datafield>
  <datafield tag="710" ind1="2" ind2=" ">
    <subfield code="a">Colecci&#xF3;n Patricia Phelps de Cisneros.</subfield>
    <subfield code="9">2048</subfield>
  </datafield>
  <datafield tag="710" ind1="2" ind2=" ">
    <subfield code="a">Centro Cultural Eduardo Le&#xF3;n Jimenes.</subfield>
    <subfield code="9">2049</subfield>
  </datafield>
  <datafield tag="948" ind1="1" ind2=" ">
    <subfield code="a">20090306</subfield>
    <subfield code="b">c</subfield>
    <subfield code="c">rhg9</subfield>
    <subfield code="d">SCMC</subfield>
  </datafield>
  <datafield tag="999" ind1=" " ind2=" ">
    <subfield code="c">424</subfield>
    <subfield code="d">424</subfield>
  </datafield>
  <datafield tag="952" ind1=" " ind2=" ">
    <subfield code="0">0</subfield>
    <subfield code="1">0</subfield>
    <subfield code="2">ddc</subfield>
    <subfield code="4">0</subfield>
    <subfield code="7">0</subfield>
    <subfield code="a">LV</subfield>
    <subfield code="b">LV</subfield>
    <subfield code="c">Pensamiento</subfield>
    <subfield code="d">2015-02-13</subfield>
    <subfield code="l">0</subfield>
    <subfield code="o">709.87 D278o</subfield>
    <subfield code="p">000378</subfield>
    <subfield code="r">2015-02-13 00:00:00</subfield>
    <subfield code="w">2015-02-13</subfield>
    <subfield code="y">01</subfield>
  </datafield>
</record>
